| 000 | nam a22 a 4500 | ||
|---|---|---|---|
| 999 |
_c2087 _d2087 |
||
| 005 | 20170515112008.0 | ||
| 008 | 170515b1981 nyu||||| |||| 00| 0 eng d | ||
| 020 | _a0844813893 | ||
| 040 | _aAKMAL | ||
| 082 | 0 | 4 | _a355.0330 DZI |
| 090 |
_a355.0330 _bDZI |
||
| 100 | 1 |
_aDziak, John J. _94298 |
|
| 245 | 0 | 0 |
_aSoviet perceptions of military power : _bthe interaction of theory and practice _cJohn J. Dziak ; foreword by Gerald L. Steibel. |
| 260 |
_aNew York : _bCrane, Russak : _c1981 |
||
| 300 |
_a72ms _c24cm |
||
| 651 | 0 |
_aSoviet Union _xMilitary policy. _94299 |
|
| 852 | 4 | 1 |
_aBritish Library _bDSC |
| 942 |
_2ddc _cBOOK |
||